02841nam a2200337 i 4500001001000000003000600010005001700016008004100033010001700074020003700091035004100128040012000169041000800289042000800297050002100305100004200326245009000368260004200458300008200500504005700582505016800639520130400807650008302111650005202194650005802246650003602304655003402340942000802374952010602382999001502488a33527173SIRSI20250923114359.0200820t20212021nyua e b 000 0 eng  a 2020037520 a9780593296769q(trade paperback) a(OCoLC)1187222934z(OCoLC)1244546498 aDLCbengerdacDLCdOCLCOdOCLCFdTOHdJASdOTPdIUKdJTBdIJ5dUAPdOCLCOdIMTdBKLdYDXdEAUdOCLdOCLCOdUtOrBLW aeng apcc00aTX357b.G74 2021 aGreenberg, Pauld1967-eauthor92575514aThe climate diet b: 50 simple ways to trim your carbon footprint c/ Paul Greenberg. aNew York, NY :bPenguin Books,c2021. axviii, 156 pages :billustrations, tables, charts (black and white) ;c18 cm. aIncludes bibliographical references (pages 137-156).0 aIntroduction: Nothing or something? — Eating and drinking — Making families — Staying home — Leaving home — Saving and spending — Fighting and winning. aA celebrated writer on food and sustainability offers fifty straightforward, impactful rules for climate-friendly living "Some strong and rational suggestions for reducing your personal impact here--and when you're eating smart, you'll have the energy to do the movement building we need to change systems too! This book integrates the individual and the societal in a powerful way."--Bill McKibben We all understand just how dire the circumstances facing our planet are and that we all need to do our part to stem the tide of climate change. When we look in the mirror, we can admit that we desperately need to go on a climate diet. But the task of cutting down our carbon emissions feels overwhelming and the discipline required hard to summon. With The Climate Diet, award-winning food and environmental writer Paul Greenberg offers us the practical, accessible guide we all need. It contains fifty achievable steps we can take to live our daily lives in a way that's friendlier to the planet--from what we eat, how we live at home, how we travel, and how we lobby businesses and elected officials to do the right thing. Chock-full of simple yet revelatory guidance, The Climate Diet empowers us to cast aside feelings of helplessness and start making positive changes for the good of our planet. 0aSustainable living0http://id.loc.gov/authorities/subjects/sh2007000494910807 0aCarbon dioxide mitigationvPopular works925221 0aFood industry and tradexEnvironmental aspects925953 0aEnvironmental protection912975 0aSelf-help publications923836 2lcc 00102lcc4070aTBSbTBSd2025-08-25l1oTX357 GREpB07595r2026-01-20s2025-11-12t1w2025-08-25y1 c4858d4858